NFL Teams by Most Super Bowl Wins. - Statistics

General Stats
  • This quiz has been taken 39 times
  • The average score is 17 of 20
Answer Stats
Hint Answer % Correct
6 Patriots
97%
5 49ers
95%
4 Chiefs
92%
2 Eagles
92%
4 Packers
92%
6 Steelers
92%
2 Rams
89%
1 Bears
86%
3 Broncos
86%
5 Cowboys
86%
2 Dolphins
86%
4 Giants
86%
1 Jets
86%
1 Saints
86%
1 Seahawks
86%
3 Commanders
84%
2 Ravens
84%
2 Colts
78%
2 Buccaneers
73%
3 Raiders
73%
No matching quizzes found
Score Distribution
Percent of People with Each Score
Percentile by Number Answered
Your Score History
You have not taken this quiz